000 00472nam a2200181Ia 4500
005 20250508151501.0
008 008 250505s9999 xx 000 0 eng d
037 _aTextual
040 _aFEDL
_beng
_cFEDL
041 _aeng
_2eng
084 _aB, TAG
_qFEDL
100 _aDutt Indu
_9759250
245 0 _aTagore testament
260 _aNew York, USA
_bPhilosophical Library
_c1954
300 _a116p.
942 _cTEXL
_hB, TAG
999 _c1330100
_d1330100